000 00411nam a2200145Ia 4500
008 240624s9999 xx 000 0 und d
041 _aeng
082 _a658.4012 DIX
100 _aDIXIT AVINASH K
245 _aTHINKING STRATEGICALLY THE COMPETITIVE EDGE IN BUSINESS O
250 _a(Revised Edition ed.)
260 _c2010
_aNew Delhi
_bViva Books Private Limited
300 _a412 : p.
365 _cRS
_b33.5
999 _c16268
_d16268